000 01408nam a2200325Ia 4500
001 7daystosuccessin00bram
003 CaSfIA
005 20210117181718.0
007 cr||||
008 930423s1992 nyua 001 0 eng d
040 _aLFY
_cLFY
_dBAKER
_dCaSfIA
020 _a0517086425 :
_c$12.95
020 _a9780517086421
035 _a(OCoLC)27971916
092 _a796.3523
_bBra
100 1 _aBrampton, Bill.
245 1 0 _a7 days to success in golf /
_h[electronic resource]
_cBill Brampton.
260 _aNew York :
_bCrescent,
_c1992.
300 _a64 p. :
_bcol. ill. ;
_c14 x 20 cm.
500 _aIncludes index.
650 0 _aGolf.
740 0 1 _aSeven days to success in golf.
856 4 1 _uhttp://www.archive.org/details/7daystosuccessin00bram
_zFree eBook from the Internet Archive
856 4 2 _uhttp://www.openlibrary.org/books/OL24607861M
_zAdditional information and access via Open Library
029 1 _aAU@
_b000011011649
999 _c464989
_d464989
942 _cEB
506 _fНеобхідна авторизація на https://archive.org/ (створення облікового запису безкоштовно)
506 _fНеобхідна авторизація на https://openlibrary.org/ (створення облікового запису безкоштовно)